Reflexiones sobre Derecho Pb︢lico Tomo I

Detalles Bibliográficos
Autor principal: Matilla Correa, Andry
Formato: eBook
Lenguaje:español
Publicado: La Habana: Unin̤ Nacional de Juristas de Cuba, 2019
Materias:
Acceso en línea:Acceso restringido

MARC

LEADER 00000nam a22000007a 4500
005 20210415231749.0
007 cr|||| ||||
008 210415s2019 cu |||||s|||| 00||0 spa d
020 |a 978-959-7219-62-0 
035 |a 33056 
040 |a vLex 
090 |c 11469  |d 11469 
100 1 |a Matilla Correa, Andry 
245 1 0 |a Reflexiones sobre Derecho Pb︢lico  |h [Recurso electrn̤ico] /  |c Andry Matilla Correa  |n Tomo I 
256 |a Servicio en ln̕ea 
260 |a La Habana:  |b Unin̤ Nacional de Juristas de Cuba,  |c 2019 
300 |a 1 recurso electrn̤ico 
506 1 |a Disponible solo en los productos indicados  |d vLex Global  |d vLex Global (Academic Edition, excluding Law Schools)  |d vLex Global (U.S. Academic Edition, Law Schools)  |d vLex Global (U.S. Academic Edition, excluding Law Schools)  |d vLex Global (Academic Edition, Law Schools) 
650 0 4 |a Derecho Pb︢lico y Administrativo  |z Cuba 
740 0 |a vLex Libros (Servicio en ln̕ea) 
856 4 0 |u https://vlex.com/source/reflexiones-derecho-publico-tomo-i-33056  |z Acceso restringido 
942 |c BOOK 
999 0 |a Public and Administrative Law